[Event "XIV American Continental-ch 2019"]
[Site "Sao Paulo"]
[Date "2019.07.07"]
[Round "3.15"]
[White "Cubas, Jose Fernando"]
[Black "Coro, Lucas"]
[Result "1-0"]
[WhiteElo "2493"]
[BlackElo "2312"]
[Annotator "ChessBase"]
[PlyCount "45"]
[EventDate "2019.07.05"]
[EventType "swiss"]
[EventCountry "BRA"]
[SourceTitle "playchess.com"]
[Source "ChessBase"]
[SourceQuality "1"]
[TimeControl "40/5400+30:1800+30"]

1. e4 {[%emt 0:06:10]} c5 {[%emt 0:00:00]} 2. Nf3 {[%emt 0:00:08]} d6 {[%emt 0:00:16]} 3. c3 {[%emt 0:03:28]} Nf6 {[%emt 0:00:17]} 4. h3 {[%emt 0:00:17]} Bd7 {[%emt 0:02:27]} 5. Bd3 {[%emt 0:04:46]} Bc6 {[%emt 0:00:46]} 6. Qe2 {[%emt 0:00:28]} Nbd7 {[%emt 0:01:35]} 7. Bc2 {[%emt 0:05:15]} e6 {[%emt 0:06:39]} 8. O-O {[%emt 0:05:23]} Be7 {[%emt 0:01:09]} 9. d4 {[%emt 0:07:19]} O-O {[%emt 0:03:48]} 10. Rd1 {[%emt 0:06:56]} d5 {[%emt 0:15:28]} 11. e5 {[%emt 0:02:39]} Ne4 {[%emt 0:00:10]} 12. Nbd2 {[%emt 0:00:14]} Nxd2 {[%emt 0:09:56]} 13. Bxd2 {[%emt 0:01:04]} Qb6 {[%emt 0:04:39]} 14. Ng5 {[%emt 0:10:37]} h6 {[%emt 0:02:37]} 15. Qd3 {[%emt 0:13:07]} g6 {[%emt 0:00:41]} 16. Nxf7 {[%emt 0:03:31]} Rxf7 {[%emt 0:00:11]} 17. Qxg6+ {[%emt 0:00:05]} Kf8 {[%emt 0:00:16]} 18. Bxh6+ {[%emt 0:09:57]} Ke8 {[%emt 0:00:20]} 19. Rd3 {[%emt 0:08:17]} Nf8 {[%emt 0:22:31]} 20. Qh5 {[%emt 0:00:28]} Qxb2 {[%emt 0:05:36]} 21. Rc1 {[%emt 0:00:28]} Kd8 {[%emt 0:14:40]} 22. Qxf7 {[%emt 0:00:05]} Be8 {[%emt 0:00:07]} 23. Qf4 {[%emt 0:00:15]} 1-0

[Event "XIV American Continental-ch 2019"]
[Site "Sao Paulo"]
[Date "2019.07.07"]
[Round "3.16"]
[White "Guimaraes, Diogo Duarte"]
[Black "Hungaski, Robert"]
[Result "1/2-1/2"]
[WhiteElo "2307"]
[BlackElo "2488"]
[Annotator "TA"]
[PlyCount "123"]
[EventDate "2019.07.05"]
[EventType "swiss"]
[EventCountry "BRA"]
[SourceTitle "playchess.com"]
[Source "ChessBase"]
[SourceQuality "1"]

{[%evp 15,123,24,28,23,31,8,30,19,23,27,30,25,28,29,44,-4,0,0,0,0,12,0,7,0,0,0,0,0,0,0,0,0,0,0,0,0,0,-1,0,0,-5,-10,0,0,0,0,0,-26,-20,-20,-20,-94,-97,-106,-11,-35,-8,-8,-8,-93,-89,-91,-27,-50,-37,-48,-48,-93,0,0,0,0,0,0,0,0,0,0,0,0,0,0,0,0,0,0,0,0,0,0,0,0,0,0,0,0,0,0,0,0,0,0,0,0,0,0,0,0,0,0]} 1. e4 e5 2. Nf3 Nc6 3. Bb5 d6 4. d4 exd4 5. Nxd4 Bd7 6. O-O g6 7. Nc3 Bg7 8. Be3 Nf6 9. f3 {C62: Ruy Lopez: Steinitz Defence} (9. h3 O-O 10. Re1 Re8 11. Nxc6 Bxc6 12. Bxc6 bxc6 13. Bg5 h6 14. Bd2 Nd7 15. b3 Nc5 16. Qf3 Qf6 17. Qxf6 Bxf6 {0-1 (49) Leko,P (2723)-Aronian,L (2797) Beijing 2014}) 9... O-O 10. Qd2 Re8 11. Rad1 {White has an edge.} Nxd4 12. Bxd4 Bxb5 13. Nxb5 a6 14. Nc3 Qd7 15. Nd5 $146 ({Predecessor:} 15. Rfe1 Rad8 16. Nd5 Nxd5 17. Bxg7 Kxg7 18. exd5 {½-½ (78) Paolozzi,M-Formanek,E (2410) Lone Pine 1979}) 15... Nxd5 16. Bxg7 Kxg7 17. Qxd5 Qe6 18. Qd4+ Qe5 19. Kf2 a5 (19... Re7 {feels hotter.} 20. c3 f6 21. h4 Rae8 22. Rfe1 Qh2) 20. Rd3 f6 21. Qxe5 fxe5 $11 {[%mdl 4096] Endgame KRR-KRR} 22. Rb3 b6 23. a4 Kf6 24. Ke3 Ke6 25. g3 Re7 26. f4 Rf8 27. Ke2 exf4 28. Rxf4 Rfe8 29. Rbf3 Kd7 30. Kd3 Kc6 31. Rf7 Rxe4 32. Rxh7 Rxa4 33. Rff7 (33. b3 $1 $11 {was the only way to keep the balance.} Rg4 34. Rff7) 33... Kd5 $17 34. c3 {[#]} c6 (34... c5 $1 $17 35. Rf2 Rae4) 35. Rf6 $1 $11 Rg4 (35... Rae4 {looks sharper.} 36. Rxg6 Re3+ 37. Kc2 Re2+ 38. Kb3 Kc5) 36. Rg7 Re6 37. Rxe6 (37. c4+ $1 $11 {remains equal.} Ke5 38. Rxe6+ Kxe6 39. Rb7) 37... Kxe6 {KR-KR} 38. Ke3 a4 (38... Rg5 $17 39. Kf4 Rf5+ 40. Ke4 Re5+ 41. Kd3 g5) 39. Kf3 $1 {[%cal Rf3g4]} Rg5 40. g4 Kf6 41. Rc7 {[#]} Rc5 ({Black should play} 41... Rb5 $1 $17 {[%cal Rb5b2]} 42. Rxc6 Rxb2 43. Rxd6+ Ke5 44. Rxg6 a3) 42. h4 {[#]The position is equal.} a3 $1 {[%mdl 512]} 43. g5+ $1 (43. bxa3 Rxc3+) 43... Kf5 44. Rf7+ Ke5 (44... Ke6 $5 45. Rf6+ $8 {[%mdl 64] Double Attack} Ke7 46. bxa3 Rxc3+ 47. Kg4 Rc4+ 48. Kg3 Rc3+ 49. Kf4 Rxa3 $11) 45. Re7+ Kf5 ({But not} 45... Kd5 46. bxa3 Rxc3+ 47. Kg4 $17) 46. Rf7+ Ke5 (46... Ke6 $5 47. Rf6+ $8 Ke5 48. bxa3 Rxc3+ 49. Kg4 Rc4+ 50. Kg3 d5 $11) 47. Re7+ Kd5 48. bxa3 Rxc3+ 49. Kg4 Rxa3 (49... Rc1 $5 50. Rg7 $8 Rg1+ 51. Kf4 Rh1 $11) 50. Rg7 Ra4+ 51. Kg3 Ra3+ 52. Kg4 c5 53. Rxg6 c4 54. Rg8 {Black must now prevent g6.} c3 55. Rc8 {aiming for g6.} Ra4+ 56. Kg3 {Strongly threatening g6.} Rc4 57. Rxc4 Kxc4 58. g6 {Hoping for g7.} c2 59. g7 c1=Q 60. g8=Q+ Kd4 61. Qg7+ Kd5 {( -> ...Qg1+)} 62. Qb7+ {Accuracy: White = 67%, Black = 54%.} 1/2-1/2

[Event "XIV American Continental-ch 2019"]
[Site "Sao Paulo"]
[Date "2019.07.07"]
[Round "3.17"]
[White "Hambleton, Aman"]
[Black "Uribe Arteaga, Daniel"]
[Result "1-0"]
[WhiteElo "2487"]
[BlackElo "2304"]
[Annotator "ChessBase"]
[PlyCount "89"]
[EventDate "2019.07.05"]
[EventType "swiss"]
[EventCountry "BRA"]
[SourceTitle "playchess.com"]
[Source "ChessBase"]
[SourceQuality "1"]
[TimeControl "40/5400+30:1800+30"]

1. c4 {[%emt 0:00:00]} d6 {[%emt 0:00:00]} 2. Nc3 {[%emt 0:03:27]} e5 {[%emt 0:00:00]} 3. g3 {[%emt 0:01:57]} f5 {[%emt 0:00:10]} 4. Bg2 {[%emt 0:00:35]} Nf6 {[%emt 0:00:09]} 5. d3 {[%emt 0:00:33]} Be7 {[%emt 0:00:09]} 6. e4 {[%emt 0:01:15]} fxe4 {[%emt 0:03:08]} 7. dxe4 {[%emt 0:00:10]} O-O {[%emt 0:00:05]} 8. Nge2 {[%emt 0:01:08]} Be6 {[%emt 0:01:51]} 9. b3 {[%emt 0:00:30]} Qd7 {[%emt 0:02:21]} 10. h3 {[%emt 0:02:29]} Nc6 {[%emt 0:02:30]} 11. Be3 {[%emt 0:03:11]} Bd8 {[%emt 0:03:19]} 12. Qd2 {[%emt 0:04:09]} Ne7 {[%emt 0:01:19]} 13. Rd1 {[%emt 0:01:35]} Ng6 {[%emt 0:00:33]} 14. Nd5 {[%emt 0:01:31]} Nh5 {[%emt 0:01:31]} 15. c5 {[%emt 0:07:48]} Rf7 {[%emt 0:11:13]} 16. cxd6 {[%emt 0:03:20]} cxd6 {[%emt 0:01:50]} 17. Nec3 {[%emt 0:02:38]} Bh4 {[%emt 0:16:56]} 18. Qe2 {[%emt 0:12:40]} Nhf4 {[%emt 0:19:36]} 19. gxf4 {[%emt 0:00:10]} exf4 {[%emt 0:00:02]} 20. Bd4 {[%emt 0:00:14]} f3 {[%emt 0:00:01]} 21. Bxf3 {[%emt 0:00:12]} Bxh3 {[%emt 0:00:12]} 22. Rxh3 {[%emt 0:05:49]} Qxh3 {[%emt 0:00:04]} 23. Bg4 {[%emt 0:00:12]} Qg2 {[%emt 0:10:47]} 24. Be6 {[%emt 0:00:29]} Raf8 {[%emt 0:00:10]} 25. Kd2 {[%emt 0:01:07]} Bg5+ {[%emt 0:12:41]} 26. Kc2 {[%emt 0:01:13]} Qh2 {[%emt 0:04:11]} 27. f4 {[%emt 0:11:00]} Bxf4 {[%emt 0:00:56]} 28. Nxf4 {[%emt 0:00:21]} Qxf4 {[%emt 0:00:04]} 29. Rf1 {[%emt 0:01:16]} Qg5 {[%emt 0:00:46]} 30. Rxf7 {[%emt 0:06:39]} Rxf7 {[%emt 0:00:06]} 31. Bxf7+ {[%emt 0:00:10]} Kxf7 {[%emt 0:00:03]} 32. Qc4+ {[%emt 0:00:07]} Kf8 {[%emt 0:02:11]} 33. Qc8+ {[%emt 0:00:09]} Kf7 {[%emt 0:00:02]} 34. Qxb7+ {[%emt 0:00:10]} Qe7 {[%emt 0:00:01]} 35. Qxa7 {[%emt 0:01:41]} Qxa7 {[%emt 0:00:28]} 36. Bxa7 {[%emt 0:00:09]} h5 {[%emt 0:00:05]} 37. Bf2 {[%emt 0:00:58]} h4 {[%emt 0:00:35]} 38. a4 {[%emt 0:00:37]} h3 {[%emt 0:00:08]} 39. Bg3 {[%emt 0:00:07]} Ke6 {[%emt 0:01:40]} 40. Ne2 {[%emt 0:00:30]} d5 {[%emt 0:03:17]} 41. exd5+ {[%emt 0:31:03]} Kxd5 {[%emt 0:30:06]} 42. Nf4+ {[%emt 0:00:26]} Nxf4 {[%emt 0:00:06]} 43. Bxf4 {[%emt 0:00:06]} g5 {[%emt 0:00:09]} 44. Bb8 {[%emt 0:00:22]} g4 {[%emt 0:00:31]} 45. Kd2 {[%emt 0:00:19]} 1-0

[Event "XIV American Continental-ch 2019"]
[Site "Sao Paulo"]
[Date "2019.07.07"]
[Round "3.18"]
[White "Cadilhac, Igor Tokuichi Kikuch"]
[Black "Vazquez, Guillermo"]
[Result "1/2-1/2"]
[WhiteElo "2291"]
[BlackElo "2483"]
[Annotator "ChessBase"]
[PlyCount "81"]
[EventDate "2019.07.05"]
[EventType "swiss"]
[EventCountry "BRA"]
[SourceTitle "playchess.com"]
[Source "ChessBase"]
[SourceQuality "1"]
[TimeControl "40/5400+30:1800+30"]

1. d4 {[%emt 0:00:00]} Nf6 {[%emt 0:00:00]} 2. c4 {[%emt 0:00:00]} e6 {[%emt 0:01:20]} 3. Nc3 {[%emt 0:00:00]} Bb4 {[%emt 0:00:09]} 4. e3 {[%emt 0:00:00]} O-O {[%emt 0:00:59]} 5. Nge2 {[%emt 0:00:13]} Re8 {[%emt 0:02:52]} 6. a3 {[%emt 0:00:24]} Bf8 {[%emt 0:00:09]} 7. e4 {[%emt 0:04:23]} d5 {[%emt 0:09:41]} 8. e5 {[%emt 0:03:03]} Nfd7 {[%emt 0:01:07]} 9. c5 {[%emt 0:01:04]} b6 {[%emt 0:02:30]} 10. b4 {[%emt 0:00:07]} a5 {[%emt 0:00:42]} 11. Be3 {[%emt 0:04:07]} c6 {[%emt 0:10:01]} 12. Nf4 {[%emt 0:20:43]} axb4 {[%emt 0:08:47]} 13. axb4 {[%emt 0:00:11]} Rxa1 {[%emt 0:00:04]} 14. Qxa1 {[%emt 0:00:09]} bxc5 {[%emt 0:00:05]} 15. bxc5 {[%emt 0:00:24]} Nxe5 {[%emt 0:00:12]} 16. dxe5 {[%emt 0:07:49]} d4 {[%emt 0:00:05]} 17. Ne4 {[%emt 0:00:45]} dxe3 {[%emt 0:00:28]} 18. Bd3 {[%emt 0:00:39]} Nd7 {[%emt 0:05:11]} 19. Qc3 {[%emt 0:02:01]} g6 {[%emt 0:04:48]} 20. fxe3 {[%emt 0:15:45]} Bg7 {[%emt 0:00:22]} 21. Qa3 {[%emt 0:06:11]} Bxe5 {[%emt 0:03:53]} 22. O-O {[%emt 0:00:03]} Nf6 {[%emt 0:06:01]} 23. Nxf6+ {[%emt 0:00:32]} Bxf6 {[%emt 0:00:09]} 24. Be4 {[%emt 0:00:29]} Bd7 {[%emt 0:06:18]} 25. Nd3 {[%emt 0:06:37]} Bg7 {[%emt 0:03:12]} 26. Qa7 {[%emt 0:06:40]} Qc8 {[%emt 0:06:30]} 27. Nb4 {[%emt 0:02:48]} Bh6 {[%emt 0:03:56]} 28. Kf2 {[%emt 0:04:50]} e5 {[%emt 0:04:38]} 29. Rd1 {[%emt 0:01:49]} Bg4 {[%emt 0:02:41]} 30. Rd6 {[%emt 0:00:46]} Bf8 {[%emt 0:01:06]} 31. Rxc6 {[%emt 0:05:50]} Qd8 {[%emt 0:00:09]} 32. Nd3 {[%emt 0:04:18]} Qh4+ {[%emt 0:03:55]} 33. Kg1 {[%emt 0:00:01]} Bh6 {[%emt 0:02:13]} 34. Bd5 {[%emt 0:01:53]} Bxe3+ {[%emt 0:00:15]} 35. Kh1 {[%emt 0:00:02]} Rf8 {[%emt 0:00:40]} 36. g3 {[%emt 0:02:46]} Qd8 {[%emt 0:03:49]} 37. Rd6 {[%emt 0:00:30]} Qg5 {[%emt 0:00:02]} 38. Qa1 {[%emt 0:00:25]} e4 {[%emt 0:01:27]} 39. Bxe4 {[%emt 0:00:29]} Qf5 {[%emt 0:00:07]} 40. Bg2 {[%emt 0:00:25]} Bf3 {[%emt 0:05:43]} 41. Qf6 {[%emt 0:14:27]} 1/2-1/2

[Event "XIV American Continental-ch 2019"]
[Site "Sao Paulo"]
[Date "2019.07.07"]
[Round "3.19"]
[White "Santiago, Yago De Moura"]
[Black "Luz, Arthur Nader"]
[Result "1-0"]
[WhiteElo "2473"]
[BlackElo "2114"]
[Annotator "ChessBase"]
[PlyCount "79"]
[EventDate "2019.07.05"]
[EventType "swiss"]
[EventCountry "BRA"]
[SourceTitle "playchess.com"]
[Source "ChessBase"]
[SourceQuality "1"]
[TimeControl "40/5400+30:1800+30"]

1. d4 Nf6 2. c4 g6 3. Nc3 Bg7 4. e4 d6 5. Nf3 O-O 6. Be2 {[%emt 0:16:25]} e5 {[%emt 0:01:01]} 7. d5 {[%emt 0:00:00]} a5 {[%emt 0:02:38]} 8. Bg5 {[%emt 0:00:00]} Na6 {[%emt 0:00:56]} 9. Nd2 {[%emt 0:00:00]} Qe8 {[%emt 0:02:22]} 10. O-O {[%emt 0:00:00]} Nc5 {[%emt 0:07:33]} 11. b3 {[%emt 0:00:00]} h6 {[%emt 0:09:36]} 12. Be3 {[%emt 0:00:00]} Nfd7 {[%emt 0:04:48]} 13. Nb5 {[%emt 0:00:00]} Na6 {[%emt 0:05:25]} 14. a3 {[%emt 0:00:00]} f5 {[%emt 0:00:17]} 15. f3 {[%emt 0:00:00]} Nf6 {[%emt 0:01:24]} 16. b4 {[%emt 0:00:00]} Bd7 {[%emt 0:04:04]} 17. bxa5 {[%emt 0:00:10]} Qe7 {[%emt 0:06:19]} 18. Rb1 {[%emt 0:03:12]} Rfb8 {[%emt 0:08:51]} 19. c5 {[%emt 0:03:11]} Bxb5 {[%emt 0:12:54]} 20. Rxb5 {[%emt 0:00:40]} Nxc5 {[%emt 0:00:37]} 21. Bxc5 {[%emt 0:01:02]} dxc5 {[%emt 0:00:06]} 22. Qb3 {[%emt 0:00:17]} Kh8 {[%emt 0:04:14]} 23. Rxb7 {[%emt 0:01:10]} Rd8 {[%emt 0:05:51]} 24. Rb1 {[%emt 0:08:08]} Rxa5 {[%emt 0:05:50]} 25. Nc4 {[%emt 0:00:25]} Raa8 {[%emt 0:00:04]} 26. d6 Rxd6 {[%emt 0:00:41]} 27. Nxd6 {[%emt 0:00:28]} Qxd6 {[%emt 0:00:08]} 28. Rd1 {[%emt 0:06:50]} Qc6 {[%emt 0:02:54]} 29. Rb8+ {[%emt 0:00:25]} Rxb8 {[%emt 0:02:57]} 30. Qxb8+ {[%emt 0:00:09]} Kh7 {[%emt 0:00:09]} 31. Qb5 {[%emt 0:01:39]} Qe6 {[%emt 0:02:30]} 32. Bc4 {[%emt 0:00:24]} Qe7 {[%emt 0:00:05]} 33. Qc6 {[%emt 0:01:25]} fxe4 {[%emt 0:04:53]} 34. fxe4 {[%emt 0:00:43]} Nh5 {[%emt 0:01:40]} 35. Qa8 {[%emt 0:02:01]} Nf6 {[%emt 0:01:55]} 36. Qd8 {[%emt 0:00:56]} Qxd8 {[%emt 0:03:10]} 37. Rxd8 {[%emt 0:00:08]} h5 {[%emt 0:00:03]} 38. a4 {[%emt 0:00:20]} Nxe4 {[%emt 0:01:05]} 39. a5 {[%emt 0:00:12]} Nd6 {[%emt 0:01:34]} 40. Rxd6 {[%emt 0:00:08]} 1-0

[Event "XIV American Continental-ch 2019"]
[Site "Sao Paulo"]
[Date "2019.07.07"]
[Round "3.20"]
[White "Garcia Cardenas, Pablo"]
[Black "Sato, Leticia Miho"]
[Result "1-0"]
[WhiteElo "2443"]
[BlackElo "1693"]
[Annotator "NA"]
[PlyCount "109"]
[EventDate "2019.07.05"]
[EventType "swiss"]
[EventCountry "BRA"]
[SourceTitle "playchess.com"]
[Source "ChessBase"]
[SourceQuality "1"]
[TimeControl "40/5400+30:1800+30"]

1. d4 {[%emt 0:00:00]} d5 {[%emt 0:02:41]} 2. c4 {[%emt 0:00:00]} e6 {[%emt 0:00:06]} 3. Nc3 {[%emt 0:00:00]} Nf6 {[%emt 0:00:23]} 4. Nf3 {[%emt 0:01:01]} Be7 {[%emt 0:00:11]} 5. Bg5 {[%emt 0:00:06]} Nbd7 {[%emt 0:00:23]} 6. e3 {[%emt 0:00:29]} O-O {[%emt 0:00:48]} 7. Qc2 {[%emt 0:03:05]} h6 {[%emt 0:03:25]} 8. Bh4 {[%emt 0:00:32]} b6 {[%emt 0:02:18]} 9. cxd5 {[%emt 0:04:42]} exd5 {[%emt 0:01:36]} 10. Bd3 {[%emt 0:00:22]} Bb7 {[%emt 0:00:38]} 11. O-O {[%emt 0:02:36]} Ne4 {[%emt 0:05:58]} 12. Nxd5 {[%emt 0:05:33]} Bxd5 {[%emt 0:09:13]} 13. Bxe4 {[%emt 0:00:42]} Bxe4 {[%emt 0:00:37]} 14. Qxe4 {[%emt 0:00:07]} Bxh4 {[%emt 0:00:44]} 15. Qxh4 {[%emt 0:01:12]} c5 {[%emt 0:02:35]} 16. Qf4 {[%emt 0:05:40]} cxd4 {[%emt 0:06:04]} 17. Rfd1 {[%emt 0:04:00]} Qf6 {[%emt 0:12:05]} 18. Qxf6 {[%emt 0:00:56]} Nxf6 {[%emt 0:00:07]} 19. Nxd4 {[%emt 0:00:05]} Rac8 {[%emt 0:00:32]} 20. Rac1 {[%emt 0:00:15]} Rfd8 {[%emt 0:02:22]} 21. Kf1 {[%emt 0:01:14]} g6 {[%emt 0:06:47]} 22. Ke2 {[%emt 0:01:13]} Ne4 {[%emt 0:02:31]} 23. f3 {[%emt 0:04:13]} Nc5 {[%emt 0:04:36]} 24. b4 {[%emt 0:16:24]} Na4 {[%emt 0:05:56]} 25. Nb5 {[%emt 0:03:02]} a6 {[%emt 0:07:24]} 26. Rxd8+ {[%emt 0:00:35]} Rxd8 {[%emt 0:00:06]} 27. Nd4 {[%emt 0:00:09]} Rd6 {[%emt 0:01:58]} 28. Kd3 {[%emt 0:03:54]} a5 {[%emt 0:08:22]} 29. a3 {[%emt 0:02:24]} Kg7 {[%emt 0:01:45]} 30. Kc4 {[%emt 0:02:30]} axb4 {[%emt 0:02:33]} 31. axb4 {[%emt 0:00:25]} Rd8 {[%emt 0:02:55]} 32. Kb5 {[%emt 0:05:40]} Nb2 {[%emt 0:02:11]} 33. Rb1 {[%emt 0:00:45]} Nd3 {[%emt 0:00:44]} 34. Kxb6 {[%emt 0:02:24]} Rb8+ {[%emt 0:00:43]} 35. Ka5 {[%emt 0:00:07]} Ra8+ {[%emt 0:00:35]} 36. Kb5 {[%emt 0:00:02]} Ra2 {[%emt 0:01:05]} 37. Kc4 {[%emt 0:00:25]} Ne5+ {[%emt 0:00:19]} 38. Kd5 {[%emt 0:00:05]} Nd7 {[%emt 0:02:35]} 39. g4 {[%emt 0:04:48]} Rxh2 {[%emt 0:00:17]} 40. b5 {[%emt 0:00:08]} Rd2 {[%emt 0:01:47]} 41. b6 {[%emt 0:32:03]} Rd3 {[%emt 0:30:59]} 42. e4 {[%emt 0:00:48]} h5 {[%emt 0:00:00]} 43. gxh5 {[%emt 0:00:00]} gxh5 {[%emt 0:00:00]} 44. b7 {[%emt 0:00:00]} Nb8 {[%emt 0:00:00]} 45. Rg1+ {[%emt 0:00:00]} Kh7 {[%emt 0:00:00]} 46. Kc4 {[%emt 0:00:00]} Rd2 {[%emt 0:00:00]} 47. Kc3 {[%emt 0:00:00]} Rf2 {[%emt 0:00:00]} 48. Rg5 {[%emt 0:00:00]} Rh2 {[%emt 0:00:00]} 49. Nf5 {[%emt 0:00:00]} Rh3 {[%emt 0:00:00]} 50. Rg7+ {[%emt 0:00:00]} Kh8 {[%emt 0:00:00]} 51. Rxf7 {[%emt 0:00:00]} Rxf3+ {[%emt 0:00:00]} 52. Kc4 {[%emt 0:00:00]} Nc6 {[%emt 0:00:00]} 53. Kd5 {[%emt 0:00:00]} Rc3 {[%emt 0:00:00]} 54. Rc7 {[%emt 0:00:00]} Nb4+ {[%emt 0:00:00]} 55. Ke5 {[%emt 0:00:00]} 1-0

[Event "XIV American Continental-ch 2019"]
[Site "Sao Paulo"]
[Date "2019.07.07"]
[Round "3.21"]
[White "Curi, Gabriel"]
[Black "Quintiliano Pinto, Renato R."]
[Result "0-1"]
[WhiteElo "2185"]
[BlackElo "2443"]
[Annotator "RC"]
[PlyCount "142"]
[EventDate "2019.07.05"]
[EventType "swiss"]
[EventCountry "BRA"]
[SourceTitle "playchess.com"]
[Source "ChessBase"]
[SourceQuality "1"]
[TimeControl "40/5400+30:1800+30"]

1. e4 {[%emt 0:00:00]} c5 {[%emt 0:01:17]} 2. Nf3 d6 {[%emt 0:02:08]} 3. Bb5+ {[%emt 0:00:01]} Nd7 {[%emt 0:00:12]} 4. c3 {[%emt 0:00:24]} Ngf6 {[%emt 0:01:07]} 5. Qe2 {[%emt 0:00:25]} a6 {[%emt 0:00:38]} 6. Ba4 {[%emt 0:00:16]} b5 {[%emt 0:02:08]} 7. Bc2 {[%emt 0:00:08]} Bb7 {[%emt 0:00:42]} 8. d4 {[%emt 0:00:50]} e6 {[%emt 0:08:02]} 9. O-O {[%emt 0:12:41]} Be7 {[%emt 0:07:32]} 10. Nbd2 {[%emt 0:04:13]} cxd4 {[%emt 0:11:52]} 11. cxd4 {[%emt 0:02:29]} Qc7 {[%emt 0:00:25]} 12. Bd3 {[%emt 0:06:46]} O-O {[%emt 0:01:32]} 13. a4 {[%emt 0:12:15]} bxa4 {[%emt 0:12:26]} 14. Rxa4 {[%emt 0:00:31]} a5 {[%emt 0:00:24]} 15. Rc4 {[%emt 0:11:28]} Qb6 {[%emt 0:03:28]} 16. Rc3 {[%emt 0:02:00]} Rfc8 {[%emt 0:02:29]} 17. Rb3 {[%emt 0:08:59]} Qc7 {[%emt 0:00:43]} 18. Rc3 {[%emt 0:00:12]} Qd8 {[%emt 0:02:23]} 19. Rxc8 {[%emt 0:04:50]} Rxc8 {[%emt 0:03:57]} 20. Ba6 {[%emt 0:05:27]} Bxa6 {[%emt 0:03:42]} 21. Qxa6 {[%emt 0:01:00]} Qc7 {[%emt 0:00:07]} 22. h3 {[%emt 0:00:57]} d5 {[%emt 0:02:36]} 23. e5 {[%emt 0:01:04]} Nb8 {[%emt 0:00:10]} 24. Qb5 {[%emt 0:03:06]} Nfd7 {[%emt 0:00:37]} 25. Nb3 {[%emt 0:01:37]} Nc6 {[%emt 0:00:07]} 26. Bg5 {[%emt 0:08:34]} Rb8 {[%emt 0:00:07]} 27. Qd3 {[%emt 0:00:06]} Qb6 {[%emt 0:08:42]} 28. Nbd2 {[%emt 0:04:26]} Bxg5 {[%emt 0:02:22]} 29. Nxg5 {[%emt 0:00:07]} Nf8 {[%emt 0:02:44]} 30. Ngf3 {[%emt 0:03:53]} Qxb2 {[%emt 0:00:37]} 31. Rb1 {[%emt 0:01:53]} Qa2 {[%emt 0:00:05]} 32. Rxb8 {[%emt 0:00:14]} Nxb8 {[%emt 0:00:03]} 33. Qb5 {[%emt 0:01:08]} Nbd7 {[%emt 0:00:44]} 34. g3 {[%emt 0:01:19]} h6 {[%emt 0:03:23]} 35. Kg2 {[%emt 0:00:06]} a4 {[%emt 0:05:53]} 36. Nb1 {[%emt 0:02:30]} Qc2 {[%emt 0:00:15]} 37. Qb4 {[%emt 0:00:42]} Ng6 {[%emt 0:01:24]} 38. Nc3 {[%emt 0:00:45]} Nb6 {[%emt 0:00:23]} 39. h4 {[%emt 0:01:09]} Nc4 {[%emt 0:04:04]} 40. Nxa4 {[%emt 0:00:52]} Ne3+ {[%emt 0:00:55]} 41. Kg1 {[%emt 0:01:46]} Ng4 {[%emt 0:01:02]} 42. Nd2 {[%emt 0:02:43]} Qd1+ {[%emt 0:21:54]} 43. Nf1 {[%emt 0:02:59]} Nh2 {[%emt 0:02:28]} 44. Kxh2 {[%emt 0:04:56]} Qxf1 {[%emt 0:00:04]} 45. Qb2 {[%emt 0:04:39]} Ne7 {[%emt 0:01:15]} 46. Nc5 {[%emt 0:00:07]} Nc6 {[%emt 0:03:53]} 47. Nd7 {[%emt 0:02:15]} h5 {[%emt 0:03:10]} 48. Nb8 {[%emt 0:07:36]} Ne7 {[%emt 0:01:20]} 49. Nd7 {[%emt 0:00:06]} Nf5 {[%emt 0:01:21]} 50. Qb8+ {[%emt 0:03:59]} Kh7 {[%emt 0:00:04]} 51. Nf8+ {[%emt 0:00:19]} Kh6 {[%emt 0:00:05]} 52. Qb2 {[%emt 0:00:07]} Qd1 {[%emt 0:00:27]} 53. Qc3 {[%emt 0:03:24]} g6 {[%emt 0:01:03]} 54. Nd7 {[%emt 0:01:36]} Qxd4 {[%emt 0:01:42]} 55. Qc1+ {[%emt 0:00:06]} Kg7 {[%emt 0:00:05]} 56. Kg1 {[%emt 0:01:04]} Qc4 {[%emt 0:03:32]} 57. Qg5 {[%emt 0:00:15]} Qc7 {[%emt 0:00:26]} 58. Nf6 {[%emt 0:00:48]} Kh8 {[%emt 0:01:17]} 59. Ne8 {[%emt 0:00:29]} Qe7 {[%emt 0:00:33]} 60. Nf6 {[%emt 0:00:02]} Qf8 {[%emt 0:00:30]} 61. g4 {[%emt 0:00:25]} hxg4 {[%emt 0:00:09]} 62. Nxg4 {[%emt 0:00:15]} Qe7 {[%emt 0:00:38]} 63. Nf6 {[%emt 0:00:19]} Qb4 {[%emt 0:00:05]} 64. Ng4 {[%emt 0:00:23]} Qe7 {[%emt 0:01:10]} 65. Nf6 {[%emt 0:00:07]} Qc7 {[%emt 0:00:18]} 66. h5 {[%emt 0:00:45]} Qxe5 {[%emt 0:00:17]} 67. hxg6 {[%emt 0:00:12]} fxg6 {[%emt 0:00:04]} 68. Qxg6 {[%emt 0:00:32]} Qe1+ {[%emt 0:00:03]} 69. Kh2 {[%emt 0:00:59]} Qxf2+ {[%emt 0:00:05]} 70. Kh3 {[%emt 0:00:01]} Qe3+ {[%emt 0:00:37]} 71. Kh2 {[%emt 0:01:46]} Qh6+ {[%emt 0:00:04]} 0-1